Najwyższe Budynki Według Województw - Statystyki

Ogólne statystyki
  • Ten quiz został rozwiązany 227 razy
  • Średni wynik to 13 z 16
Statystyki odpowiedzi
Wysokość Miasto % Poprawnych
180 m Warszawa
98%
205 m Wrocław
97%
156 m Gdańsk
96%
106 m Katowice
92%
88 m Kraków
92%
92 m Szczecin
91%
84 m Poznań
89%
80 m Łódź
88%
54,5 m Białystok
85%
65 m Bydgoszcz
83%
63 m Lublin
83%
55 m Rzeszów
82%
45,9 m Opole
78%
54 m Kielce
75%
70 m Gorzów Wielkopolski
70%
53 m Elbląg
45%
Nie znaleziono quizów pasujących do podanych kryteriów
Rozkład punktacji
Procent ludzi z każdym wynikiem
Percentyl według liczby udzielonych odpowiedzi
Twoja historia wyników
Nie rozwiązałeś tego quizu